00543nam a22001697a 450000500170000001000150001702000260003203500140005803700130007208200110008510000270009624500910012326000390021427000470025330000230030050000500032320170331162852.0 aENG-117683 a9788184845730c600.00 aEN-101215 bDABD/PUB a336.54 aPandey, Digvijai Nath  aPublic accounts committee in India :cby Digvijai Nath Pandeybissues and challenges / aNew DelhibRegal Publicationc2016 aF-159, Rajouri Garden, bNew Delhie110027 aix,134p c22cm(Hb) aIncludes bibliographical references and index